| 000 | 01215nam a22002777a 4500 | ||
|---|---|---|---|
| 003 | OSt | ||
| 005 | 20230123094854.0 | ||
| 007 | cr ||||||a|c|a | ||
| 008 | 221110s2020 mx ao||fom||| 001 0 spa d | ||
| 040 | _erda | ||
| 100 | 1 |
_9185439 _aAlbalat Botana, Amparo |
|
| 245 | 1 |
_aReproducción de la vida rural en espacios-tiempos de conservación neoliberal / _cAmparo Albalat Botana; director de tesis Carlos Gastón Reinaldo Guadarrama Zugasti |
|
| 264 | 1 |
_aChapingo, México : _bEl autor, _c2020. |
|
| 300 | _a1 recurso en línea (113 páginas). | ||
| 336 |
_2rdacontent _atexto _btxt |
||
| 337 |
_2rdamedia _acomputadora _bc |
||
| 338 |
_2rdacarrier _arecurso en línea _bcr |
||
| 502 |
_bDCDRR _cCentros Regionales _d2020. _gDOC |
||
| 504 | _aIncluye referencias bibliográficas: páginas: 98-100 | ||
| 650 | 4 |
_932093 _aDesarrollo sustentable _xVeracruz |
|
| 650 | 4 |
_9132989 _aComunidades rurales _xProgramas de desarrollo |
|
| 650 | 4 |
_931995 _aDesarrollo de la comunidad rural |
|
| 700 | 1 |
_950941 _aGuadarrama Zugasti, Carlos Gastón Reinaldo _eDirector de tisis |
|
| 856 |
_uhttp://10.13.5.2/tesis/td/2020_CR_Albalat_Botana_Amparo.pdf _zDESCARGAR PDF |
||
| 942 |
_2Clasificación Universidad Autónoma Chapingo _cTD |
||
| 999 |
_c217755 _d217755 |
||